Cấu tạo máy kéo
Sparad:
| Huvudupphovsman: | |
|---|---|
| Materialtyp: | Bok |
| Språk: | Undetermined |
| Publicerad: |
Hà Nội
Khoa học và Kỹ thuật
1976
|
| Ämnen: | |
| Taggar: |
Lägg till en tagg
Inga taggar, Lägg till första taggen!
|
| Thư viện lưu trữ: | Trung tâm Học liệu Trường Đại học Cần Thơ |
|---|
| LEADER | 00529nam a2200169Ia 4500 | ||
|---|---|---|---|
| 001 | CTU_46276 | ||
| 008 | 210402s9999 xx 000 0 und d | ||
| 082 | |a 629.225 | ||
| 082 | |b Kh452 | ||
| 100 | |a Đinh, Văn Khôi | ||
| 245 | 0 | |a Cấu tạo máy kéo | |
| 245 | 0 | |c Đinh Văn Khôi, Lê Văn Thư, Đỗ Vân Trình | |
| 260 | |a Hà Nội | ||
| 260 | |b Khoa học và Kỹ thuật | ||
| 260 | |c 1976 | ||
| 650 | |a Agricultural machinery,Tractors | ||
| 980 | |a Trung tâm Học liệu Trường Đại học Cần Thơ | ||